Reflections of Strategic Thinking and Management of Classics

Porovnanie myslenia a správania dnešných stratégov s niektorými klasikmi v minulosti.

Enregistré dans:
Détails bibliographiques
Auteur principal: Mihalčová, Bohuslava, 1963-
Format: Chapitre de livre
Langue:anglais
Sujets:
Tags: Ajouter un tag
Pas de tags, Soyez le premier à ajouter un tag!

MARC

LEADER 00000naa$a2200000$$$4500
001 0245452
005 20240502083654.1
041 0 |a eng 
044 |a CZ 
245 1 0 |a Reflections of Strategic Thinking and Management of Classics  |c Bohuslava Mihalčová 
520 |a Porovnanie myslenia a správania dnešných stratégov s niektorými klasikmi v minulosti. 
610 2 0 |a stratégia obchodná 
610 2 0 |a plánovanie 
610 2 0 |a analýza procesov výrobných 
610 2 0 |a manažment strategický 
610 2 0 |a plánovanie strategické 
100 1 |a Mihalčová, Bohuslava, 1963-